| 000 | 01309nam0a22003251 4500 | ||
|---|---|---|---|
| 001 | rc\2238153 | ||
| 005 | 20110826164918.9 | ||
| 035 | _a(NLR Aleph) 006546549 | ||
| 090 |
_a6693890 _c6693890 |
||
| 100 | _a20110826d1978 |||y0rusy50 ca | ||
| 101 | 0 | _arus | |
| 102 | _aRU | ||
| 105 | _ay j ||||| | ||
| 200 | 1 |
_aЭкономика машиностроительной промышленности _e[Учебник для план.-экон. спец. техникумов _fВ.С. Бялковская, Н.Л. Зайцев, А.Я. Кибанов и др.] _gПод ред. В.С. Бялковской |
|
| 210 |
_aМосква _cВысш. школа _d1978 |
||
| 215 |
_a272 с. _d21 |
||
| 300 | _aАвт. указаны на обороте тит. л. | ||
| 606 |
_aМашиностроительные заводы _jУчебники и пособия _xЭкономика _2psbo |
||
| 686 |
_aУ9(2)305.851.0я723-1 _2rubbk |
||
| 686 |
_a65.9(2)304.15 _2rubbk |
||
| 701 | 1 |
_aКибанов _bА. Я. |
|
| 701 | 1 |
_aБеляковская _bВ. С. _gВера Сергеевна _4340 |
|
| 701 | 1 |
_aЗайцев _bН. Л. |
|
| 801 | 0 |
_aRU _bNLR _gpsbo |
|
| 801 | 1 |
_aRU _bELAR _2rusmarc |
|
| 852 |
_aNLR _j79-3/2668 |
||
| 899 |
_aRuMoRGB _jB 79-3/43 |
||
| 899 |
_aRuMoRGB _jB 79-3/44 |
||
| 942 | _cBOOK | ||
| 980 | _aNB | ||